Water data for metropolitan areas; (Record no. 30454)
[ view plain ]
| 000 -LEADER | |
|---|---|
| fixed length control field | 00906cam a22002411 4500 |
| 001 - CONTROL NUMBER | |
| control field | gs 68000219 |
| 003 - CONTROL NUMBER IDENTIFIER | |
| control field | DLC |
| 005 - DATE AND TIME OF LATEST TRANSACTION | |
| control field | 20260227111422.0 |
| 008 - FIXED-LENGTH DATA ELEMENTS--GENERAL INFORMATION | |
| fixed length control field | 710901s1968 dcuab b 00010 eng c |
| 010 ## - LIBRARY OF CONGRESS CONTROL NUMBER | |
| LC control number | gs 68000219 //r862 |
| 040 ## - CATALOGING SOURCE | |
| Original cataloging agency | U.S. Geol. Survey. Libr. |
| 043 ## - GEOGRAPHIC AREA CODE | |
| Geographic area code | n-us--- |
| 050 0# - LIBRARY OF CONGRESS CALL NUMBER | |
| Classification number | TC801 |
| Item number | .U2 no. 1871 |
| 082 ## - DEWEY DECIMAL CLASSIFICATION NUMBER | |
| Classification number | 628/.1/0973 |
| 100 10 - MAIN ENTRY--PERSONAL NAME | |
| Personal name | Schneider, William Joseph, |
| Dates associated with a name | 1921- |
| 245 10 - TITLE STATEMENT | |
| Title | Water data for metropolitan areas; |
| Remainder of title | a summary of data from 222 areas in the United States, |
| Statement of responsibility, etc. | compiled by William J. Schneider. |
| 260 0# - PUBLICATION, DISTRIBUTION, ETC. | |
| Place of publication, distribution, etc. | [Washington, |
| Name of publisher, distributor, etc. | U.S. Dept. of the Interior, Geological Survey; for sale by the Supt. of Docs., U.S. Govt. Print. Off., |
| Date of publication, distribution, etc. | 1968] |
| 300 ## - PHYSICAL DESCRIPTION | |
| Extent | v, 397 p. |
| Other physical details | illus., maps. |
| Dimensions | 24 cm. |
| 350 ## - PRICE (NR) (BK AM CF MU VM SE) [OBSOLETE] | |
| Price | $1.50 (paper cover) |
| 440 #0 - SERIES STATEMENT/ADDED ENTRY--TITLE | |
| Title | Geological Survey water-supply paper ; |
| Volume/sequential designation | 1871 |
| 504 ## - BIBLIOGRAPHY, ETC. NOTE | |
| Bibliography, etc. note | Includes bibliographies. |
| 650 #0 - SUBJECT ADDED ENTRY--TOPICAL TERM | |
| Topical term or geographic name entry element | Water-supply |
| Geographic subdivision | United States. |
No items available.